[Event "Romanian-ch Open 2022"]
[Site "Eforie Nord"]
[Date "2022.02.23"]
[Round "5.21"]
[White "Magold, Filip"]
[Black "Chis, Bogdan-Vasile"]
[Result "1-0"]
[WhiteElo "2204"]
[BlackElo "1685"]
[Annotator "TA"]
[PlyCount "93"]
[EventDate "2022.02.20"]
[EventType "swiss"]
[EventCountry "ROU"]
[SourceTitle "playchess.com"]
[Source "ChessBase"]
[SourceQuality "1"]

{[%evp 17,92,93,99,0,0,0,8,-35,108,96,91,106,95,19,14,10,163,-54,0,-148,271,277,269,272,271,280,285,195,214,207,204,212,346,232,242,232,210,105,65,40,93,-70,51,51,50,0,0,-16,91,-41,-16,-160,8,8,37,18,93,0,8,12,103,0,25,0,183,179,200,199,542,542,536,530,29976,29977,29998,29999,29999]} 1. e4 {[%cal Be2e4,Be4e5][%mdl 32]} Nf6 2. e5 Nd5 3. d4 d6 4. c4 Nb6 5. f4 dxe5 6. fxe5 c5 7. d5 e6 8. Nc3 exd5 9. cxd5 c4 10. a3 {Inhibits Bb4. B03: Alekhine's Defence: Four Pawns Attack.} ({White should play} 10. d6 $16) 10... Bc5 $11 11. Nf3 Bg4 12. Bf4 {[#]} (12. Bg5 $11 Bxf3 13. Bxd8 Bxd1 14. Bxb6 Bxb6 15. Rxd1) 12... Na6 $146 (12... N8d7 $15 {keeps the upper hand.}) ({Predecessor:} 12... O-O 13. h3 Bxf3 14. Qxf3 N8d7 15. O-O-O Re8 16. Qg3 Bf8 17. h4 Qe7 18. Re1 Qc5 {0-1 (39) Szydlowska,M (1800)-Bursa,R (1800) Wisla 2000}) 13. h3 $1 $16 Bh5 (13... Bxf3 14. Qxf3 Bd4 15. Rd1 Bxc3+ 16. bxc3 $16 (16. Qxc3 O-O $16)) 14. g4 Bg6 {[#]} 15. Qd2 (15. Bxc4 $1 $16 {And now Bb5+ would win.} Nxc4 16. Qa4+ Qd7 17. Qxc4) 15... O-O $11 16. O-O-O $36 {[%mdl 2048] White is pushing.} Qd7 $2 (16... Rc8 $11) 17. h4 $2 {[#]} (17. Nh4 $1 $18) 17... Qxg4 (17... Bxa3 $1 $15 18. bxa3 Nc5) 18. Ng5 (18. h5 $1 $11 Bd3 19. Nh2) 18... Nc7 $2 {[%mdl 8192]} (18... Be7 $1 $17 19. Qe3 Nc5) 19. h5 $18 {Hoping for Be2.} Bd3 (19... Bxh5 $2 20. Bh3 Qxd1+ 21. Rxd1 $18) 20. Bh3 Qh4 {[#]} (20... Qxh5 $2 21. e6 Qg6 22. Bxc7 $18) 21. Bf5 $1 {[%mdl 512]} Qf2 22. Bxd3 {Really sharp!} Qxd2+ 23. Rxd2 cxd3 24. Rxd3 Rfe8 (24... Rac8 $142) 25. h6 f6 26. exf6 gxf6 {[#]} 27. Nge4 ({Resist} 27. Bxc7 $6 fxg5 28. Rg3 Kh8) ({White should try} 27. Rh5 $1 $18) 27... Ncxd5 $16 28. Bd2 Rac8 29. Rxd5 $2 {[#]} (29. Nxd5 $16 Nxd5 30. Nxc5 Rxc5+ 31. Kd1) 29... Nxd5 (29... Rxe4 $1 $15 30. Nxe4 Nxd5) 30. Nxd5 $14 Kf7 31. Ndc3 (31. Nxc5 $14 Rxc5+ 32. Nc3) 31... Bxa3 $11 32. Kb1 Red8 33. Nb5 (33. bxa3 $16 Rxd2 34. Nb5 (34. Nxd2 Rxc3 35. Rg1 Rxa3 $16)) 33... Be7 34. Bc3 ({Don't go for} 34. Nxa7 $2 Rc4 35. Re1 Rxe4 $1 {[%mdl 512]} 36. Rxe4 Rxd2 $19) (34. Bf4 $11) 34... f5 $2 ({Better is} 34... Rc4 $17 35. Re1 Rd5 36. Bxf6 {[#]} Rxe4 $1 {[%mdl 512]} 37. Rxe4 Bxf6 38. Nxa7 Kg6) 35. Rf1 {Black should prevent Nd4.} Kg6 (35... Rd5 $5 {[%cal Rd5b5]} 36. Nd4 Rcd8 $11) 36. Rg1+ {[%mdl 1024] White has compensation.} Kf7 (36... Kxh6 $11 37. Ng3 Kg6) 37. Rf1 {White is much more active.} (37. Rg7+ $16 Ke6 38. Ng3) 37... Rd5 38. Nd4 Kg6 (38... Rcd8 $1 $11) 39. Ng3 (39. Rg1+ $16 Kf7 40. Rg7+ Ke8 41. Ng5 Bxg5 42. Rg8+ Kd7 43. Rxg5) 39... Bf6 40. Ndxf5 {Strongly threatening Bxf6. Pair of Knights!} (40. Nge2 {seems wilder.} Rdc5 41. Bb4 Re5 42. Nf4+ Kf7 43. Nh5) 40... Rxc3 (40... Bg5 $1 $11) 41. bxc3 $18 Rb5+ 42. Kc2 Be5 $2 (42... Rc5 {is more resistant.} 43. Rf3 Rd5) 43. Ne4 Bc7 44. Nd4 Rb6 45. Rg1+ {White mates.} Kxh6 46. Nf5+ Kh5 47. Rg5# {Weighted Error Value: White=0.54/Black=0.96} 1-0

[Event "Romanian-ch Open 2022"]
[Site "Eforie Nord"]
[Date "2022.02.23"]
[Round "5.22"]
[White "Mintau, Andrei-Catalin"]
[Black "Cnejev, Vladimir-Alexandru"]
[Result "1/2-1/2"]
[WhiteElo "2029"]
[BlackElo "2179"]
[Annotator "TA"]
[PlyCount "65"]
[EventDate "2022.02.20"]
[EventType "swiss"]
[EventCountry "ROU"]
[SourceTitle "playchess.com"]
[Source "ChessBase"]
[SourceQuality "1"]

{[%evp 12,65,2,1,0,0,52,61,52,54,108,97,114,54,52,54,54,52,52,43,41,37,50,26,26,25,27,19,50,17,27,18,30,28,41,39,39,42,47,34,52,15,17,0,58,26,27,26,34,8,4,0,0,0,0,0]} 1. e4 e5 2. Nf3 {[%cal Bg1f3,Bf3d4,Bd4b3][%mdl 32]} Nc6 3. d4 exd4 4. Nxd4 Bc5 5. Nb3 Bb6 6. Nc3 Nf6 7. Bg5 O-O {C45: Scotch Game.} 8. Qf3 Nd4 (8... Ne5 $11 9. Qf4 Ng6) 9. Nxd4 $14 Bxd4 {White is slightly better.} 10. Nd5 $1 {[#]} Re8 $146 (10... h6 $14 11. Nxf6+ Bxf6 12. Bxf6 Qxf6) ({Predecessor:} 10... Bxb2 11. c3 Nxd5 12. Bxd8 Bxc3+ 13. Kd1 Bxa1 14. exd5 Rxd8 15. d6 Be5 16. Bc4 Rf8 {½-½ (35) Cornette,M (2587)-Borisek,J (2584) Chess.com INT 2019}) 11. O-O-O $16 {White is more active.} Be5 12. Nxf6+ (12. Bc4 $16 {aiming for Qb3.} c6 13. Nxf6+ Bxf6 14. Bxf6 Qxf6 15. Qxf6 gxf6 16. Rhe1) 12... Bxf6 $14 13. Bxf6 Qxf6 14. Qxf6 gxf6 15. f3 d6 16. g4 Re5 17. Rd4 Bd7 18. Bc4 Bc6 19. Rhd1 Kg7 20. Kd2 h5 21. h3 hxg4 22. hxg4 Rh8 23. Ke3 Rh3 24. Kf4 a5 25. R1d2 Kg6 26. R2d3 Rh2 27. Rd2 (27. Rc3 $11) 27... Rh3 28. Bd5 (28. a3 {feels hotter.} Rh1 29. Rd1 Rh2 30. R4d2 Rh3 31. Bf1) 28... Bxd5 29. Rxd5 Rxd5 30. exd5 f5 {The position is equal.} 31. Re2 fxg4 32. Kxg4 Rh5 33. Re7 {Weighted Error Value: White=0.11 (very precise) /Black=0.10 (very precise)} 1/2-1/2

[Event "Romanian-ch Open 2022"]
[Site "Eforie Nord"]
[Date "2022.02.23"]
[Round "5.23"]
[White "Daianu, Cristian-Clement"]
[Black "Zaim, Marian"]
[Result "1-0"]
[WhiteElo "2171"]
[BlackElo "1964"]
[Annotator "TA"]
[PlyCount "67"]
[EventDate "2022.02.20"]
[EventType "swiss"]
[EventCountry "ROU"]
[SourceTitle "playchess.com"]
[Source "ChessBase"]
[SourceQuality "1"]

{[%evp 9,67,-3,25,25,44,41,51,39,51,43,42,35,27,27,45,23,31,0,111,83,81,90,224,159,249,200,173,146,145,133,134,125,133,142,149,136,131,147,150,123,291,290,354,359,1037,1037,1020,1020,1002,995,970,953,1257,1257,1277,1262,1221,1204,1113,1081]} 1. e4 c5 2. Nf3 e6 3. d4 cxd4 4. Nxd4 a6 5. f4 Nf6 (5... d5 $5 {[%cal Rd5e4]}) 6. Bd3 {B41: Sicilian: Kan Variation: 5 c4.} Qc7 7. Qf3 Nc6 8. Be3 {[#] White is slightly better.} d6 $146 ({Predecessor:} 8... e5 9. Nxc6 dxc6 10. f5 Be7 11. a4 g6 12. Nd2 gxf5 13. exf5 Rg8 14. O-O Ng4 {1-0 (65) Denisov,I (2275)-Derbenev,A (2380) Kostroma 2010}) 9. Nd2 Bd7 10. c3 {[%cal Bc2c3,Bc3c4][%mdl 32]} e5 11. Nxc6 Bxc6 12. O-O b5 13. c4 Nd7 (13... Be7 $11 {remains equal.}) 14. Rac1 {[#] Threatens to win with cxb5.} b4 15. Qg3 $36 {[%cal Oc4c5][%mdl 2048] Black is under strong pressure.} h6 (15... Nc5 $16 16. Bc2 g6) 16. Nf3 g6 (16... exf4 $16 {was called for.} 17. Qxf4 Rc8) 17. c5 Nxc5 18. Bxc5 dxc5 19. Nxe5 {[%cal Bf3e5,Be5c4,Bc4d6][%mdl 32] [#] aiming for Bc4.} Bb5 20. Bc4 {White is more active.} Bxc4 21. Nxc4 {Hoping for Rcd1.} Bg7 22. e5 O-O 23. f5 gxf5 24. Nd6 Kh8 $2 (24... Rad8 $16) 25. Rxf5 $18 Rad8 26. Rcf1 {[%cal Rf5f7]} Kg8 (26... Rd7 27. Rh5 f6) 27. Rxf7 {White is clearly winning.} Rxf7 28. Rxf7 Qxf7 29. Nxf7 Kxf7 {KQ-KRB} 30. e6+ {[%cal Be5e6,Be6e7][%mdl 32]} Kg8 31. e7 Re8 32. Qb3+ Kh8 33. Qf7 Bd4+ 34. Kf1 {Weighted Error Value: White=0.10 (very precise) /Black=0.41} 1-0

[Event "Romanian-ch Open 2022"]
[Site "Eforie Nord"]
[Date "2022.02.23"]
[Round "5.24"]
[White "Andronescu, Madalin"]
[Black "Mazilu, Stefan-Fabian"]
[Result "1-0"]
[WhiteElo "2122"]
[BlackElo "1886"]
[Annotator "TA"]
[PlyCount "45"]
[EventDate "2022.02.20"]
[EventType "swiss"]
[EventCountry "ROU"]
[SourceTitle "playchess.com"]
[Source "ChessBase"]
[SourceQuality "1"]

{[%evp 22,45,0,-14,87,91,113,89,137,147,141,141,143,146,191,180,195,148,250,189,620,630,1057,1013,1804,1724]} 1. e4 c5 2. Nf3 d6 3. d4 cxd4 4. Nxd4 Nf6 5. Nc3 a6 6. Bg5 e6 7. f4 Be7 8. Qf3 Qc7 9. O-O-O Nbd7 10. Bd3 b5 11. Rhe1 Bb7 12. Qg3 Qc5 {B99: Sicilian Najdorf: 6 Bg5 e6 7 f4 Be7 8 Qf3 Qc7 9 0-0-0 Nbd7.} (12... b4 $11 {remains equal.} 13. Nd5 exd5 14. exd5 Kd8) 13. Nb3 $16 {[#]} Qc7 $146 ({Predecessor:} 13... Qb6 14. e5 dxe5 15. fxe5 Nh5 16. Qg4 Bxg5+ 17. Qxg5 g6 18. g4 Ng7 19. Qh6 Rg8 20. Qg5 Qd8 21. Qxd8+ Rxd8 22. Be4 Bxe4 23. Nxe4 Ke7 24. Nec5 {½-½ (24) Blasovszky,I (2230)-Kubacsny,L (2320) Budapest 1993}) 14. e5 b4 15. exf6 {White is more active.} gxf6 16. Ne4 {[%cal Bc3e4,Be4g5,Bg5f7,Bf7h8][%mdl 32] And now Bh4 would win.} fxg5 17. Nxg5 {Pair of Knights!} Nf6 (17... Bxg5 $16 18. Qxg5 h6) 18. Nd4 $36 {[%cal Og5f7][%mdl 2048] Threatens to win with Nxf7! White has strong initiative.} Bd5 {[#]} 19. Kb1 ({White should try} 19. Ndxe6 $1 $18 {[%mdl 512]} fxe6 20. Nxe6) 19... Qb6 {[#]} (19... Ra7 $16 20. Be4 Nxe4 21. Nxe4 Bxe4) 20. Bf5 $1 {[%cal Og3h3][%mdl 512] Hoping for Qh3!} Kf8 $2 {[#]} (20... Qa5) (20... Ra7 21. Nxf7) 21. Qh3 $1 {White is clearly winning.} h6 {[#]} (21... Qa5 22. b3) 22. Nxf7 $1 {[%mdl 512]} exf5 (22... Kxf7 23. Bxe6+) 23. Nxh8 {White took control after the opening.  Weighted Error Value: White=0.12 (very precise) /Black=0.90} 1-0

[Event "Romanian-ch Open 2022"]
[Site "Eforie Nord"]
[Date "2022.02.23"]
[Round "5.25"]
[White "Vilcu, Matei-Stefan"]
[Black "Butolo, Alexandru-Mircea"]
[Result "1/2-1/2"]
[WhiteElo "2112"]
[BlackElo "1850"]
[Annotator "TA"]
[PlyCount "90"]
[EventDate "2022.02.20"]
[EventType "swiss"]
[EventCountry "ROU"]
[SourceTitle "playchess.com"]
[Source "ChessBase"]
[SourceQuality "1"]

{[%evp 13,90,19,0,0,16,10,10,6,13,0,0,-13,20,5,11,10,29,31,41,18,29,17,11,20,19,8,12,5,15,0,0,0,0,-3,0,0,0,0,0,0,0,0,0,0,0,0,0,0,108,0,0,0,0,0,0,0,0,-1237,0,-1303,0,0,0,0,0,0,0,0,0,0,0,0,0,0,0,0,0,0,0]} 1. e4 c5 2. Nf3 Nc6 3. d4 cxd4 4. Nxd4 Nf6 5. Nc3 e6 6. g3 Bb4 7. Bg2 O-O $1 {[%mdl 4] is currently scoring better than 7...d5.} 8. O-O {B45: Sicilian Four Knights.} d6 {[#]} 9. Re1 $146 ({Predecessor:} 9. Ncb5 e5 10. Nf5 Bxf5 11. exf5 a6 12. Nc3 Bxc3 13. bxc3 h6 14. Rb1 Qd7 15. g4 e4 {0-1 (35) Safarli,E (2598)-Abasov,N (2665) Nakhchivan 2021}) 9... Nxd4 10. Qxd4 Bc5 11. Qd1 Bd7 12. Be3 Qc7 13. Bxc5 Qxc5 14. Qd2 Rad8 15. Rad1 Bc6 16. Qd4 (16. e5 {looks sharper.} Ng4 17. Bxc6 bxc6 18. exd6 Rxd6 19. Qf4) 16... h6 17. Rd2 Qxd4 18. Rxd4 Rd7 19. Red1 Rfd8 20. a4 a5 21. h3 Kf8 22. Kf1 Ke7 23. Ke2 d5 24. exd5 Nxd5 25. Bxd5 Bxd5 26. Nxd5+ Rxd5 27. Rxd5 Rxd5 28. Rxd5 exd5 $11 {[%mdl 4096] Endgame KP-KP} 29. Kd3 Kd6 30. Kd4 f6 (30... h5 $11 {keeps the balance.}) 31. f4 (31. g4 $1 $16) 31... f5 32. c3 b6 33. b3 {[%cal Bb2b3,Bb3b4][%mdl 32]} Ke6 34. b4 {Threatens to win with bxa5.} Kd6 $1 {[%cal Ob6b5]} 35. Kd3 $2 {[%mdl 8192] [#]} (35. bxa5 $11 bxa5 36. h4) 35... Kd7 $2 (35... b5 $1 $19 36. axb5 a4) 36. h4 $2 {[%mdl 8192] [#]} (36. bxa5 $11 bxa5 37. g4 fxg4 38. hxg4) 36... h5 $2 (36... b5 $1 $19 37. axb5 a4) 37. bxa5 {The position is equal.} bxa5 38. Ke3 Kd6 {White must now prevent ...Kc5.} (38... Kc6 $5 39. Kd4 Kd6 $11) 39. Kd4 g6 40. Ke3 {Intending Kd4 and mate.} Ke6 41. Kd3 Kd7 42. Kd4 Kd6 43. Ke3 {White wants to mate with Kd4.} Ke6 44. Kd3 Kd7 45. Kd4 Kd6 {Weighted Error Value: White=0.52/Black=0.63} 1/2-1/2

[Event "Romanian-ch Open 2022"]
[Site "Eforie Nord"]
[Date "2022.02.23"]
[Round "5.26"]
[White "Craciun, Sasha-Matei"]
[Black "Sachilaru, Alexandru"]
[Result "1/2-1/2"]
[WhiteElo "1871"]
[BlackElo "2085"]
[Annotator "TA"]
[PlyCount "67"]
[EventDate "2022.02.20"]
[EventType "swiss"]
[EventCountry "ROU"]
[SourceTitle "playchess.com"]
[Source "ChessBase"]
[SourceQuality "1"]

{[%evp 16,67,16,0,0,-9,0,-10,0,0,0,0,0,0,0,-2,0,-58,-28,-44,-17,-17,0,-15,0,-57,-50,-54,-57,-72,-76,-81,-32,-39,-26,-27,-26,-24,0,0,0,0,56,15,15,12,0,0,0,0,0,0,0,0]} 1. e4 e5 2. Nf3 Nc6 3. Bb5 {[%cal Bf1b5,Bb5a4,Ba4b3][%mdl 32]} a6 4. Ba4 Nf6 5. O-O Bc5 6. c3 b5 7. Bb3 d6 8. d3 O-O {8...h6 is the hot move.} 9. h3 h6 {C78: Ruy Lopez: Archangelsk and Möller Defences.} 10. Qe2 Bb6 11. Rd1 Re8 12. Nbd2 Na5 13. Bc2 c5 14. Nf1 Nc6 {[#]} 15. a3 $146 ({Predecessor:} 15. Ng3 Be6 16. Nh4 Nxe4 17. Nxe4 Qxh4 18. Nxd6 Rf8 19. Qf3 Bd7 20. Nf5 Bxf5 21. Qxf5 {½-½ (63) Szente Varga,F (2100)-Miranda,R (2284) Chess.com INT 2020}) 15... Be6 16. Kh2 (16. Ng3 $11) 16... Qc7 17. g4 c4 18. Ng3 d5 19. dxc4 dxc4 ({Don't play} 19... bxc4 20. g5 hxg5 21. Nxg5 $14) 20. Kg2 (20. g5 $11 hxg5 21. Nxg5) 20... Ne7 $15 21. Nh4 Ng6 22. Nxg6 fxg6 23. Be3 Rad8 ({Black should try} 23... Rf8 $17) 24. Nf1 a5 25. Bxb6 Qxb6 26. Ne3 Qb7 27. f3 g5 28. a4 Rf8 ({Better is} 28... Rxd1 $11 29. Rxd1 Rb8) 29. Rxd8 (29. axb5 $14 {is more appropriate.} Qxb5 30. b3) 29... Rxd8 $11 {The position is equal.} 30. axb5 Qxb5 31. b3 {[%cal Rb3c4]} Qc5 32. Nxc4 Bxc4 33. bxc4 ({Avoid the trap} 33. Qxc4+ $2 Qxc4 34. bxc4 Rd2+ 35. Kf1 Rxc2 $19) 33... Kh7 34. Ba4 {Weighted Error Value: White=0.13 (very precise) /Black=0.12 (very precise)} 1/2-1/2

[Event "Romanian-ch Open 2022"]
[Site "Eforie Nord"]
[Date "2022.02.23"]
[Round "5.27"]
[White "Visanescu, Dragos-Nicholas"]
[Black "Ignat, Matei-Marius"]
[Result "0-1"]
[WhiteElo "1781"]
[BlackElo "2053"]
[Annotator "TA"]
[PlyCount "82"]
[EventDate "2022.02.20"]
[EventType "swiss"]
[EventCountry "ROU"]
[SourceTitle "playchess.com"]
[Source "ChessBase"]
[SourceQuality "1"]

{[%evp 12,82,9,0,0,0,0,0,8,-45,1,-23,0,0,-19,-20,0,-91,-120,-98,-134,-132,-135,-114,-103,-166,-170,-214,-198,-231,-213,-278,-172,-166,-127,-129,-127,-507,-500,-486,-175,-187,-180,-179,-179,-198,-190,-188,-179,-172,-117,-261,-252,-315,-207,-224,-132,-155,-23,-29993,-29994,-29994,-1075,-1084,0,-29994,0,-1100,-1097,-1043,-1003,-798,-752]} 1. e4 {[%cal Be2e4,Be4e5][%mdl 32]} e6 2. d4 d5 3. e5 c5 4. c3 Nc6 5. Nf3 Bd7 6. a3 f6 7. exf6 Nxf6 {C02: French: Advance Variation.} 8. b4 cxd4 9. cxd4 Bd6 {The position is equal.} 10. Bd3 (10. Bb2 $11) 10... O-O (10... e5 $15 11. dxe5 Nxe5) 11. O-O Qc7 12. Bb2 e5 13. dxe5 Nxe5 {[#]} 14. Nxe5 $146 (14. Bxe5 $11 Bxe5 15. Ra2) ({Predecessor:} 14. Bxe5 Bxe5 15. Ra2 Ng4 16. h3 Nh2 17. Nxh2 Bxh2+ 18. Kh1 Be5 19. Re2 Qd6 20. Rfe1 {½-½ (41) Pizzuto,S-Satta,V (2290) Italy 1993}) 14... Bxe5 $17 15. Bxe5 Qxe5 16. Ra2 Ng4 {[%csl Gg4][%cal Re5h2]} 17. g3 Qh5 $40 {[%csl Gg4][%cal Rh5h2][%mdl 128] White is in trouble. Black is much more active.} 18. f4 (18. h4 $17) 18... Qh6 $19 19. Qf3 (19. Qd2 {was necessary.}) 19... Qb6+ 20. Kh1 Rae8 21. Re2 Nf6 {Strongly threatening ...Bh3.} 22. f5 Bc6 {White must now prevent ...d4.} 23. b5 Bxb5 24. Rb2 $2 {[%mdl 8192] [#]} (24. Bxb5 $17 {nothing else works.} Qxb5 25. Nc3) 24... Re3 $1 25. Qf2 {[#]} (25. Rxb5 Rxf3) 25... Rxd3 (25... Ng4 $1 26. Qf4 Bxd3 $1 27. Rxb6 Bxf1 28. Qxf1 (28. Rxb7 $2 Bh3 $19) 28... axb6) 26. Qxb6 axb6 27. Rxb5 Re8 {...Re2 is the strong threat.} 28. Kg2 Ng4 $1 29. Kh3 h5 {aiming for ...Re2.} 30. Rb2 {Inhibits Re2.} Rde3 (30... d4 $19 31. a4 Rde3) 31. Rd1 (31. Rf4 $17) 31... R8e5 32. Rdd2 Rxf5 33. Rxb6 Rf7 (33... Nf2+ $19 34. Kg2 Nd3) 34. Rxd5 {[#]} Rf2 (34... Re2 $1 $17 {[%csl Gg4][%cal Re2h2]} 35. Rxh5 Nf2+ 36. Kg2 Ne4+ 37. Kh3 Rff2) 35. Rxh5 $2 {[%mdl 8192]} (35. Rd2 $11) 35... Re4 {[%csl Gg4][%cal Rf2h2]} 36. Kh4 Nf6+ (36... Ne3+ $142 37. Kh3 Nf1 38. Rb2 Rxb2 39. Nd2 Rxd2 40. Rh8+ Kxh8 41. g4 Rxh2#) 37. Kh3 Ng4 (37... Nxh5 $19 38. Nc3 {[#]} Nf4+ $1 {[%mdl 512]} 39. gxf4 Re3+ 40. Kg4 Rxc3 41. Rxb7 Rxa3) 38. Kh4 Nf6+ (38... Ne3+ $142 39. Kh3 Nf1 40. Rb2 Rxb2 41. Nd2 Rxd2 42. Rh8+ Kxh8 43. g4 Rxh2#) 39. Kh3 Nxh5 {Black is clearly winning.} 40. Nc3 {Inhibits Ree2.} Re7 {Threatens to win with ...Nf6.} 41. Nd5 Ref7 {Weighted Error Value: White=0.55/Black=0.95} 0-1

[Event "Romanian-ch Open 2022"]
[Site "Eforie Nord"]
[Date "2022.02.23"]
[Round "5.28"]
[White "Sarighioleanu, Sebastian-Laure"]
[Black "Tudor, Henry Edward"]
[Result "1-0"]
[WhiteElo "2045"]
[BlackElo "1879"]
[Annotator "TA"]
[PlyCount "83"]
[EventDate "2022.02.20"]
[EventType "swiss"]
[EventCountry "ROU"]
[SourceTitle "playchess.com"]
[Source "ChessBase"]
[SourceQuality "1"]

{[%evp 10,83,7,9,9,13,28,28,27,25,27,25,80,0,37,18,44,12,33,0,54,27,99,9,187,12,23,0,29,-9,35,38,41,0,0,0,7,-20,0,3,15,-11,20,29,60,60,41,50,66,31,150,128,395,383,659,620,894,599,979,921,978,85,211,151,146,164,135,114,1611,1503,29986,29987,29983,29984,29997,29998]} 1. d4 Nf6 2. c4 e6 3. Nf3 Bb4+ 4. Bd2 a5 5. Nc3 b6 6. e3 O-O {E11: Bogo-Indian.} 7. Bd3 d6 {[%cal Oe6e5]} 8. a3 Bxc3 {White has an edge.} 9. Bxc3 Bb7 10. Qc2 {[#]} c5 $146 (10... Nbd7 $11) ({Predecessor:} 10... Nbd7 11. O-O Bxf3 12. gxf3 e5 13. b4 axb4 14. axb4 Qe7 15. Rfe1 h6 16. dxe5 Nxe5 {½-½ (41) Beradze,I (2425)-Jobava,B (2672) Tbilisi 2016}) 11. O-O (11. dxc5 $16 {aiming for Ng5.} bxc5 12. Bxf6 Qxf6 13. Bxh7+ Kh8 14. Be4 Bxe4 15. Qxe4) 11... Nbd7 (11... Bxf3 $5 12. gxf3 cxd4 13. Bxd4 Nbd7 $14) 12. Rad1 Qe7 13. Ng5 {Black must now prevent dxc5.} h6 14. Ne4 Ne8 (14... cxd4 $11 15. Nxf6+ (15. exd4 Bxe4 16. Bxe4 Nxe4 $15) (15. Bxd4 Bxe4 16. Bxe4 Rac8 $11) 15... Nxf6 16. Bxd4 Rfc8) 15. Ng3 {[%cal Od4d5]} f5 (15... cxd4 $1 $11 {remains equal.} 16. Bxd4 (16. Bh7+ Kh8 $17) 16... Nef6) 16. f4 ({White should try} 16. d5 $16) 16... Nef6 $2 (16... cxd4 $11 {and Black has nothing to worry.} 17. exd4 d5) 17. Be2 $2 ({White has to play} 17. d5 $1 $18 {[%cal Rd5e6]}) 17... g6 18. Bf3 d5 19. Rf2 Ra7 (19... cxd4 $11 20. Rxd4 (20. Bxd4 Rfc8 $15) 20... Rac8) 20. dxc5 $14 bxc5 21. Rfd2 (21. a4 $14) 21... Nb6 22. cxd5 exd5 23. Be5 {[%cal Oe3e4] This bishop pair is nice.} Nc4 24. Rd3 Ba8 25. Qc3 {[%cal Rd3d5] Strongly threatening Rxd5.} Nxe5 26. fxe5 Ne4 27. Bxe4 fxe4 28. R3d2 {[%cal Bd3d2,Bd2f2,Bf2f6][%mdl 32]} a4 29. Rc1 (29. h3 $5 {[%cal Rd2d5]}) 29... Rc8 (29... Rc7 $14) 30. Rf2 $16 Rb7 $2 {[%mdl 8192]} (30... Ra6 $16) 31. Rf6 $18 Kh7 (31... Qe8 32. e6 Rg7) 32. Rcf1 Rb3 33. Qa5 {Rf7+ is the strong threat.} Rb7 34. e6 Qd6 {[#]} 35. Qc3 $2 (35. Nxe4 $1 $18 {[%mdl 512]} Qe5 36. Rf7+ Kh8 37. Rf8+ Rxf8 38. Rxf8+ Kg7 39. Qxa8 Qxe6 {[#]} 40. Rh8 $1) 35... d4 (35... Rg7 $16 {keeps fighting.}) 36. exd4 Qxd4+ 37. Qxd4 cxd4 38. Nxe4 {Threatens to win with Rf7+.} Rcc7 {[%mdl 8192]} (38... Rg7 $16) 39. Rf8 {Nf6+ would kill now.} h5 40. Nf6+ {White mates.} Kh6 41. Rh8+ Kg5 42. Ne4+ {Weighted Error Value: White=0.38/Black=0.85} 1-0

[Event "Romanian-ch Open 2022"]
[Site "Eforie Nord"]
[Date "2022.02.23"]
[Round "5.29"]
[White "Coicev, Matei-Andrei"]
[Black "Tamas, Christian-Arrydan"]
[Result "0-1"]
[WhiteElo "1970"]
[BlackElo "1833"]
[Annotator "TA"]
[PlyCount "70"]
[EventDate "2022.02.20"]
[EventType "swiss"]
[EventCountry "ROU"]
[SourceTitle "playchess.com"]
[Source "ChessBase"]
[SourceQuality "1"]

{[%evp 22,70,41,47,76,79,81,66,67,80,69,73,64,66,106,65,129,78,104,106,104,73,69,68,82,-130,-139,-250,-192,-343,-329,-405,-408,-887,-803,-1484,-1475,-29990,-29991,-29993,-29994,-29994,-352,-29994,-29994,-29997,-29990,-29990,-29990,-29998,-29999]} 1. e4 c5 2. Nf3 Nc6 3. d4 cxd4 4. Nxd4 Nf6 5. Nc3 e5 6. Ndb5 d6 7. Bg5 a6 8. Na3 b5 9. Bxf6 gxf6 10. Nd5 f5 11. Bd3 Be6 12. c3 Bxd5 {B33: Sicilian: Pelikan and Sveshnikov Variations.} 13. exd5 Ne7 {[%cal Bc6e7,Be7g6,Bg6f4,Bf4h3][%mdl 32] [#]} 14. Nxb5 $1 {[%cal Od1a4]} Bg7 $1 {White is slightly better.} 15. Na3 O-O 16. O-O e4 17. Bc2 Ng6 18. Nc4 {[#]} (18. Qh5 $16) 18... Qg5 $146 (18... Rc8 $14 19. Bb3 a5) ({Predecessor:} 18... Qh4 19. g3 Qh3 20. f4 Rfd8 21. Qe2 Ne7 22. Rfd1 Qh6 23. a4 a5 24. Ra3 Rdb8 {1-0 (50) Movileanu,D (2214)-Gaboyan,S (2253) Terme Catez 2021}) 19. Qd2 ({Much weaker is} 19. Nxd6 $6 Rfd8 20. Nxe4 fxe4 21. Bxe4 Re8 $11) (19. g3 $142) 19... Nf4 {[%csl Gf4][%cal Rg5g2]} 20. g3 Rac8 21. Ne3 Nh3+ 22. Kh1 {Threatens to win with f4.} f4 23. Ng2 (23. gxf4 $16 {is forced if you want to stay better.} Qxf4 24. Qe2) 23... f3 $1 $17 {[%csl LRd2,LRg2][%mdl 1024] Black has strong compensation. Black is more active.} 24. Ne3 (24. Qe3 $17 {might work better.} fxg2+ 25. Kxg2 Qxe3 26. fxe3) 24... f5 $19 {[%cal Bf7f5,Bf5f4][%mdl 32]} 25. Ba4 $2 (25. Rae1) 25... Rc7 ({Wrong is} 25... f4 $2 26. gxf4 Qxf4 27. Rg1 Nxg1 28. Rxg1 $17) 26. Rad1 f4 27. Nc2 (27. gxf4 $142 Rxf4 28. Qe1) 27... e3 {[%mdl 64] Deflection} 28. fxe3 fxg3 {( -> ...g2+)} 29. hxg3 f2 30. Kg2 {[#]} Be5 $1 31. Rh1 Qxg3+ 32. Kf1 Qf3 {Black mates.} 33. Qc1 Qxh1+ 34. Ke2 Qf3+ 35. Kf1 Rg7 {Weighted Error Value: White=1.02/Black=0.22 (precise)} 0-1